LIBRARY & INFORMATION CENTRE, KCAET, TAVANUR

ONLINE PUBLIC ACCESS CATALOGUE (OPAC)

Text book of biochemistry with clinical correlations / (Record no. 9644)

MARC details
000 -LEADER
fixed length control field 00399cam a2200145ua 4500
003 - CONTROL NUMBER IDENTIFIER
control field OSt
008 - FIXED-LENGTH DATA ELEMENTS--GENERAL INFORMATION
fixed length control field 240215b |||||||| |||| 00| 0 eng d
041 ## - LANGUAGE CODE
Language code of text/sound track or separate title eng
082 ## - DEWEY DECIMAL CLASSIFICATION NUMBER
Classification number 572
Item number DEV/TE
100 ## - MAIN ENTRY--AUTHOR NAME
Personal name Devlin, Thomas M .
245 ## - TITLE STATEMENT
Title Text book of biochemistry with clinical correlations /
260 ## - PUBLICATION, DISTRIBUTION, ETC. (IMPRINT)
Place of publication New York :
Name of publisher Wiley Interscience publications ,
Year of publication 1997.
300 ## - PHYSICAL DESCRIPTION
Number of Pages 1186 ; .
942 ## - ADDED ENTRY ELEMENTS (KOHA)
Koha item type Books
Holdings
Withdrawn status Lost status Damaged status Home library Current library Date acquired Full call number Accession Number Koha item type
      KAUAET KAUAET 07/04/2012 572 DEV/TE 19881 Books
free website counter